Complete the Card - WWE Elimination Chamber 2022 - Statistics

General Stats
  • This quiz has been taken 208 times
  • The average score is 17 of 24
Answer Stats
Hint Answer % Correct
WWE Universal Championship Match Roman Reigns
97%
WWE Championship Elimination Chamber Match Brock Lesnar
95%
WWE Championship Elimination Chamber Match Bobby Lashley
90%
WWE Championship Elimination Chamber Match Austin Theory
88%
WWE Championship Elimination Chamber Match Seth Rollins
88%
WWE Raw Women's Championship Elimination Chamber Match Bianca Belair
87%
WWE Raw Women's Championship Match Becky Lynch
86%
WWE Raw Women's Championship Elimination Chamber Match Alexa Bliss
76%
Falls Count Anywhere Match Drew McIntyre
75%
WWE Raw Women's Championship Elimination Chamber Match Liv Morgan
75%
WWE Raw Women's Championship Elimination Chamber Match Rhea Ripley
75%
Tag Team Match Charlotte Flair
71%
WWE Universal Championship Match Goldberg
71%
WWE Championship Elimination Chamber Match AJ Styles
69%
WWE Championship Elimination Chamber Match Riddle
69%
Tag Team Match Naomi
68%
Tag Team Match Ronda Rousey
67%
Singles Match (Kickoff Show) Rey Mysterio
61%
Singles Match (Kickoff Show) The Miz
60%
WWE Raw Women's Championship Elimination Chamber Match Doudrop
58%
WWE Raw Women's Championship Match Lita
58%
WWE Raw Women's Championship Elimination Chamber Match Nikki A.S.H.
54%
Falls Count Anywhere Match Madcap Moss
52%
Tag Team Match Sonya Deville
46%
No matching quizzes found
Score Distribution
Percent of People with Each Score
Percentile by Number Answered
Your Score History
You have not taken this quiz